| 000 | 00556nam a22001817a 4500 | ||
|---|---|---|---|
| 999 |
_c191535 _d191535 |
||
| 005 | 20220829144331.0 | ||
| 010 | _aENG-134755 | ||
| 020 |
_a9788192070063 _c700.00 |
||
| 035 | _aEN-118287 | ||
| 037 | _bDBAD/PUB | ||
| 082 | _a294.52113 | ||
| 100 | _aSubrahmanyam, K. | ||
| 245 |
_aSiva Leela: _bThe Devine Sport of Siva/ _cK. Subrahmanyam |
||
| 260 |
_aChennai _bUniversal Publishing _c2015 |
||
| 270 |
_a69, Royapettah High Road, 142 IOA Complex, _bChennai _e600014 |
||
| 300 |
_a277p. _c20cm(pbk) |
||
| 942 |
_2ddc _cEN _h294.52113 _mSUB |
||